[Event "POL-chT 2nd League"]
[Site "Jastrzebia Gora"]
[Date "2023.09.10"]
[Round "9.22"]
[White "Haliniak, Wojciech"]
[Black "Rzeszowski, Dominik"]
[Result "0-1"]
[WhiteElo "1870"]
[BlackElo "1940"]
[PlyCount "50"]
[EventDate "2023.09.02"]
[EventType "team-swiss"]
[EventRounds "9"]
[EventCountry "POL"]
[SourceTitle "EXT 2024"]
[Source "ChessBase"]
[SourceDate "2023.10.10"]
[SourceVersion "1"]
[SourceVersionDate "2023.10.10"]
[SourceQuality "1"]
[WhiteTeam "Warszawa Czternastka"]
[BlackTeam "Bialoleka Sparta"]
[WhiteTeamCountry "POL"]
[BlackTeamCountry "POL"]

1. Nc3 e5 2. d4 exd4 3. Qxd4 Nc6 4. Qd3 Nf6 5. Bf4 Bc5 6. 0-0-0 d6 7. e3 Be6 8. Qd2 Bb4 9. Qd3 Ng4 10. Ne4 f5 11. Ng5 Qf6 12. Qb5 a6 13. Qxb7 Kd7 14. Bxa6 Rhb8 15. N1f3 Rxb7 16. Bxb7 Rxa2 17. Bxc6+ Kxc6 18. c3 Bxc3 19. Nxe6 Qxe6 20. Rd3 Bxb2+ 21. Kb1 Ra1+ 22. Kxb2 Qa2+ 23. Kc3 Rxh1 24. Nd4+ Kd7 25. Nb3 Nxf2 0-1

[Event "POL-ch U18"]
[Site "Szklarska Poreba"]
[Date "2021.03.19"]
[Round "7"]
[White "Kulesza, Andrzej"]
[Black "Haliniak, Wojciech"]
[Result "1-0"]
[WhiteElo "2010"]
[BlackElo "1802"]
[PlyCount "169"]
[EventDate "2021.03.13"]
[EventType "swiss"]
[EventRounds "9"]
[EventCountry "POL"]
[SourceTitle "CBM 201 Extra"]
[Source "ChessBase"]
[SourceDate "2021.05.31"]
[SourceVersion "1"]
[SourceVersionDate "2021.05.31"]
[SourceQuality "1"]

1. e4 Nf6 2. e5 Nd5 3. d4 d6 4. Nf3 Bg4 5. Be2 e6 6. 0-0 Be7 7. h3 Bh5 8. c4 Nb6 9. exd6 cxd6 10. b3 0-0 11. Bb2 Bxf3 12. Bxf3 d5 13. c5 N6d7 14. b4 Bf6 15. Re1 Nc6 16. Bc3 g6 17. a3 b6 18. b5 Na5 19. c6 Nb8 20. Nd2 Qc7 21. Qe2 a6 22. a4 Bg5 23. Rab1 axb5 24. axb5 Nbxc6 25. bxc6 Qxc6 26. Bb4 Rfc8 27. Nf1 Qa4 28. Qd1 Nc6 29. Bc3 Ne7 30. Bb2 Nf5 31. Qd3 Qc2 32. Qxc2 Rxc2 33. Bd1 Rc4 34. Ne3 Nxe3 35. fxe3 Rb4 36. Bc2 Ra2 37. Bc3 Rxb1 38. Bxb1 Ra3 39. Bd2 Rb3 40. Kf1 Rb2 41. Rd1 e5 42. dxe5 d4 43. Bd3 dxe3 44. Bc3 Rf2+ 45. Kg1 Be7 46. Bd4 e2 47. Re1 Rf4 48. Bxb6 Rb4 49. Bf2 Rb3 50. Bc2 Rb2 51. Rxe2 Bg5 52. Bg3 Kf8 53. Kf1 h5 54. e6 f5 55. Be5 Rb6 56. Bd4 Rc6 57. Bb2 Rb6 58. Ba3+ Be7 59. Bxe7+ Kxe7 60. Kf2 h4 61. Rd2 Kxe6 62. Bd1 Ke5 63. Ke3 g5 64. Ra2 Rb5 65. Ra3 Rc5 66. Be2 Rd5 67. Rb3 g4 68. hxg4 fxg4 69. Bxg4 Kf6 70. Kf2 Kg5 71. Be2 Rd4 72. Kg1 Re4 73. Bf3 Ra4 74. Kh2 Ra1 75. Rb5+ Kf4 76. Rb4+ Kg5 77. Rg4+ Kf5 78. Rxh4 Ra3 79. Kg3 Rb3 80. Rh5+ Kg6 81. Kh4 Re3 82. Rc5 Ra3 83. Be4+ Kf6 84. g4 Ra4 85. Bf5 1-0

[Event "POL-ch U18"]
[Site "Szklarska Poreba"]
[Date "2021.03.14"]
[Round "2"]
[White "Koziorowicz, Michal"]
[Black "Haliniak, Wojciech"]
[Result "1/2-1/2"]
[WhiteElo "2180"]
[BlackElo "1802"]
[PlyCount "112"]
[EventDate "2021.03.13"]
[EventType "swiss"]
[EventRounds "9"]
[EventCountry "POL"]
[SourceTitle "CBM 201 Extra"]
[Source "ChessBase"]
[SourceDate "2021.05.31"]
[SourceVersion "1"]
[SourceVersionDate "2021.05.31"]
[SourceQuality "1"]

1. e4 c5 2. Nf3 g6 3. d4 cxd4 4. Nxd4 Nc6 5. c4 Nf6 6. Nc3 d6 7. Be2 Nxd4 8. Qxd4 Bg7 9. Be3 0-0 10. Qd2 Qa5 11. 0-0 Be6 12. Rac1 Rfc8 13. b3 a6 14. f4 b5 15. f5 Bd7 16. fxg6 hxg6 17. e5 b4 18. exf6 bxc3 19. Rxc3 Bxf6 20. Rd3 Qxd2 21. Rxd2 Be6 22. Bf3 Rab8 23. Bd5 Bxd5 24. Rxd5 Bc3 25. Rf3 Bb4 26. h4 f6 27. Bf2 Kf7 28. Kf1 a5 29. h5 Bc5 30. hxg6+ Kxg6 31. Bxc5 Rxc5 32. Rxc5 dxc5 33. Ke2 a4 34. Kd2 axb3 35. axb3 e5 36. Kc3 e4 37. Rf4 f5 38. g4 fxg4 39. Rxg4+ Kf5 40. Rh4 Rd8 41. Rh5+ Kf4 42. Rxc5 e3 43. Rc7 Re8 44. Rf7+ Kg3 45. Rg7+ Kf2 46. Rf7+ Ke1 47. Kc2 Ra8 48. b4 Ra2+ 49. Kb3 Rf2 50. Re7 e2 51. c5 Kd2 52. Kc4 Rf4+ 53. Kb5 Kd3 54. Rxe2 Kxe2 55. c6 Kd3 56. Kc5 Rc4+ 1/2-1/2

[Event "POL-ch U20"]
[Site "Pokrzywna"]
[Date "2020.12.03"]
[Round "6"]
[White "Haliniak, Wojciech"]
[Black "Meers, Hubert"]
[Result "0-1"]
[WhiteElo "1764"]
[BlackElo "1986"]
[PlyCount "64"]
[EventDate "2020.11.30"]
[EventType "swiss"]
[EventRounds "9"]
[EventCountry "POL"]
[SourceTitle "CBM 199 Extra"]
[Source "ChessBase"]
[SourceDate "2021.01.31"]
[SourceVersion "1"]
[SourceVersionDate "2021.01.31"]
[SourceQuality "1"]

1. e4 c5 2. Nc3 a6 3. a4 Nc6 4. f4 d6 5. Nf3 g6 6. Bc4 Bg7 7. 0-0 e6 8. d3 Nf6 9. Qe1 0-0 10. Bb3 Rb8 11. f5 exf5 12. Qh4 Nd4 13. Bg5 Ne6 14. exf5 gxf5 15. Rae1 Nxg5 16. Qxg5 Ng4 17. Qh5 Nf6 18. Qh4 d5 19. Ng5 h6 20. Qg3 Ra8 21. Nh3 c4 22. dxc4 dxc4 23. Ba2 Be6 24. Nf4 Qb6+ 25. Qe3 Qxe3+ 26. Rxe3 Ne4 27. Nxe6 fxe6 28. Bxc4 Bd4 29. Rfe1 Rf6 30. Nxe4 fxe4 31. Kh1 Bxe3 32. Rxe3 Rc8 0-1

[Event "POL-ch U20"]
[Site "Pokrzywna"]
[Date "2020.12.02"]
[Round "4"]
[White "Haliniak, Wojciech"]
[Black "Janeczko, Jakub"]
[Result "1-0"]
[WhiteElo "1764"]
[BlackElo "1980"]
[PlyCount "57"]
[EventDate "2020.11.30"]
[EventType "swiss"]
[EventRounds "9"]
[EventCountry "POL"]
[SourceTitle "CBM 199 Extra"]
[Source "ChessBase"]
[SourceDate "2021.01.31"]
[SourceVersion "1"]
[SourceVersionDate "2021.01.31"]
[SourceQuality "1"]

1. e4 c5 2. Nf3 Nc6 3. Bb5 g6 4. Bxc6 dxc6 5. d3 Qc7 6. 0-0 e5 7. Nbd2 Bg7 8. b3 Ne7 9. h3 0-0 10. Bb2 f6 11. a4 a5 12. Nc4 Be6 13. Qd2 g5 14. Bc3 b6 15. Kh2 Ng6 16. g3 Rae8 17. Rae1 Qd8 18. Kg2 h5 19. Rh1 Rf7 20. Qe2 Ref8 21. Nh2 g4 22. hxg4 h4 23. Ne3 hxg3 24. fxg3 Bh6 25. Nf5 Bxf5 26. gxf5 Nh8 27. Qh5 Rh7 28. Ng4 Nf7 29. Qg6+ 1-0

[Event "POL-ch U20"]
[Site "Pokrzywna"]
[Date "2020.11.30"]
[Round "1"]
[White "Ochedzan, Tymon"]
[Black "Haliniak, Wojciech"]
[Result "1-0"]
[WhiteElo "2246"]
[BlackElo "1764"]
[PlyCount "121"]
[EventDate "2020.11.30"]
[EventType "swiss"]
[EventRounds "9"]
[EventCountry "POL"]
[SourceTitle "CBM 199 Extra"]
[Source "ChessBase"]
[SourceDate "2021.01.31"]
[SourceVersion "1"]
[SourceVersionDate "2021.01.31"]
[SourceQuality "1"]

1. e4 Nf6 2. e5 Nd5 3. Nc3 Nxc3 4. dxc3 d6 5. Bf4 Nc6 6. Bb5 Bd7 7. Qe2 a6 8. Bd3 Nxe5 9. Bxe5 dxe5 10. Qxe5 Bc6 11. Be4 Qd6 12. Bxc6+ Qxc6 13. 0-0-0 f6 14. Qe2 e5 15. f4 Bd6 16. fxe5 fxe5 17. Nf3 0-0-0 18. Ng5 Rd7 19. Rhf1 Kb8 20. Rf3 h6 21. Ne4 Rhd8 22. Rfd3 Be7 23. a3 Rd5 24. Kb1 Qb5 25. Ka1 c6 26. Ng3 Bf6 27. Qe4 Rxd3 28. Rxd3 Rxd3 29. cxd3 Qd5 30. Qe2 Kc7 31. Kb1 Qe6 32. Qf3 g6 33. Ne4 Be7 34. g4 Kd7 35. h3 Ke8 36. Qe3 h5 37. gxh5 gxh5 38. Qf3 Qf7 39. Qg3 Qf4 40. Qg8+ Kd7 41. Qb8 Qf1+ 42. Ka2 Qxd3 43. Qxb7+ Ke6 44. Qxc6+ Kf5 45. Nf2 Qe2 46. Qd7+ Kf6 47. Nd3 Qf3 48. Nxe5 Qe4 49. Nd3 Qc4+ 50. Kb1 Bxa3 51. bxa3 Qb3+ 52. Nb2 Qxa3 53. Qd4+ Kf5 54. Kc2 a5 55. Qd5+ Kg6 56. Qe4+ Kh6 57. h4 Qd6 58. Nd3 Qh2+ 59. Kb3 Qb8+ 60. Ka4 Qc7 61. Qf4+ 1-0

[Event "POL-ch U16"]
[Site "Szklarska Poreba"]
[Date "2020.03.09"]
[Round "3"]
[White "Panek, Bartosz"]
[Black "Haliniak, Wojciech"]
[Result "1-0"]
[WhiteElo "1979"]
[BlackElo "1705"]
[PlyCount "63"]
[EventDate "2020.03.07"]
[EventType "swiss"]
[EventRounds "8"]
[EventCountry "POL"]
[SourceTitle "CBM 195 Extra"]
[Source "ChessBase"]
[SourceDate "2020.05.31"]
[SourceVersion "1"]
[SourceVersionDate "2020.05.31"]
[SourceQuality "1"]

1. Nf3 f5 2. g3 Nf6 3. Bg2 e6 4. d4 d5 5. 0-0 Bd6 6. Bf4 Bxf4 7. gxf4 0-0 8. Nbd2 Nbd7 9. Ne1 Ne4 10. Ndf3 Qe8 11. Nd3 h6 12. Nfe5 Ndf6 13. f3 Nd6 14. Kh1 Qh5 15. Rg1 g5 16. fxg5 hxg5 17. Bf1 Kh7 18. Rg3 g4 19. fxg4 fxg4 20. Nxg4 Nxg4 21. Rh3 Qxh3 22. Bxh3 e5 23. Bxg4 Bxg4 24. Qe1 Bf5 25. Qh4+ Kg7 26. Rg1+ Kf7 27. Nxe5+ Ke6 28. Rg7 Rae8 29. Nd7 Be4+ 30. Kg1 Rf7 31. Nc5+ Kf5 32. Qg5# 1-0

[Event "POL-chT U20 2nd League"]
[Site "Szczyrk"]
[Date "2017.07.26"]
[Round "6.40"]
[White "Kaliszuk, Kamil"]
[Black "Haliniak, Wojciech"]
[Result "1-0"]
[WhiteElo "1450"]
[BlackElo "1484"]
[PlyCount "81"]
[EventDate "2017.07.22"]
[EventType "team-swiss"]
[EventRounds "11"]
[EventCountry "POL"]
[SourceTitle "EXT 2019"]
[Source "ChessBase"]
[SourceDate "2018.10.10"]
[SourceVersion "1"]
[SourceVersionDate "2018.10.10"]
[SourceQuality "1"]

1. c4 c6 2. Nc3 d5 3. cxd5 cxd5 4. d4 Nc6 5. Nf3 Bg4 6. Bf4 Bxf3 7. gxf3 Nf6 8. e4 e6 9. e5 Nh5 10. Be3 Be7 11. Be2 Qb6 12. Rb1 g6 13. a3 0-0 14. f4 Ng7 15. Na4 Qd8 16. Bd3 Rc8 17. b4 b6 18. Qg4 Kh8 19. Rg1 Nf5 20. Bxf5 exf5 21. Qf3 f6 22. Rc1 Qd7 23. Nc3 Rfd8 24. Ke2 fxe5 25. fxe5 Nxe5 26. dxe5 d4 27. Rgd1 Rxc3 28. Rxc3 Qb5+ 29. Rcd3 dxe3 30. Qxe3 Rc8 31. Kf3 a6 32. Rd7 Qc4 33. Qd4 Qe6 34. Qd5 Rc3+ 35. Kg2 Rc6 36. Rxe7 Qxe7 37. Qxc6 Qxe5 38. Qd5 Qf4 39. Qd4+ Qxd4 40. Rxd4 Kg7 41. Rd6 1-0

[Event "POL Olympiad U14"]
[Site "Drzonkow"]
[Date "2017.04.07"]
[Round "8"]
[White "Kutylo, Konrad"]
[Black "Haliniak, Wojciech"]
[Result "1/2-1/2"]
[WhiteElo "1430"]
[BlackElo "1528"]
[PlyCount "75"]
[EventDate "2017.04.02"]
[EventType "swiss"]
[EventRounds "9"]
[EventCountry "POL"]
[SourceTitle "EXT 2020"]
[Source "ChessBase"]
[SourceDate "2019.10.17"]
[SourceVersion "1"]
[SourceVersionDate "2019.10.17"]
[SourceQuality "1"]

1. e4 c5 2. a3 e6 3. b4 cxb4 4. axb4 Bxb4 5. Bb2 Nf6 6. e5 Nd5 7. c4 Nb6 8. Qg4 0-0 9. Nf3 d5 10. Be2 Qc7 11. Ba3 Nc6 12. c5 Bxc5 13. Bxc5 Nxe5 14. Nxe5 Qxc5 15. 0-0 f6 16. Nd3 Qd6 17. Qb4 Qxb4 18. Nxb4 a5 19. Nc2 Bd7 20. Nd4 Nc4 21. Bxc4 dxc4 22. Na3 e5 23. Ndb5 Bxb5 24. Nxb5 Rfd8 25. Na3 Rac8 26. Rfc1 Rd4 27. Kf1 Rc6 28. Ke2 Kf7 29. Rc2 Ke6 30. Rac1 Kd5 31. Nb5 Rh4 32. h3 Kc5 33. Nc3 b5 34. Ke3 b4 35. Ne4+ Kb5 36. g3 Rxh3 37. Rxc4 Rxc4 38. Nd6+ 1/2-1/2